| 000 | 01148cab a22001935a 4500 | ||
|---|---|---|---|
| 001 | L136930 | ||
| 008 | 070305e2007 xxk 000 0 eng d | ||
| 035 | _a(Sirsi) u136930 | ||
| 041 | _aeng | ||
| 110 | 2 |
_aUnited Kingdom _bDepartment for Communities and Local Government _94939 |
|
| 245 | 0 | 0 |
_aDeveloping the local government services market _h[electronic resource] |
| 260 |
_aWetherby _bCommunities and Local Government Publications _c2007 |
||
| 520 | _aDiscusses the development of the asset management and construction services market in local government, the implications of recent policy proposals, and possible ways forward in developing the market. Highlights the need to consider a strategic approach to asset management and construction services, the appropriate selection from the diverse sources of finance for major capital projects, and the nature of longer-term trends in requirements for property assets. | ||
| 590 | _aKA | ||
| 651 | 4 |
_aUnited Kingdom _y |
|
| 690 |
_aBlock management _96220 |
||
| 856 | 4 | 0 |
_uhttps://www.communities.gov.uk/index.asp?id=1508173 _zView the item free of charge at www.communities.gov.uk... |
| 942 | _n0 | ||
| 999 |
_c78493 _d78493 |
||